| 000 | 00892nam a22002417a 4500 | ||
|---|---|---|---|
| 999 |
_c63606 _d63606 |
||
| 005 | 20240530110650.0 | ||
| 008 | 171210s2015 su a g b 000 0 ara d | ||
| 017 |
_a1436/3577 _bالسعودية . مكتبة الملك فهد الوطنية |
||
| 020 | _a9786038139905 | ||
| 040 |
_aEG-CaGPL _cEG-CaGPL |
||
| 082 | 0 | 4 |
_221 _a371.9144\ _bم ص |
| 100 | 0 | _aمسعد ابوالديار | |
| 245 | 1 | 0 |
_aصعوبات الفهم القرائى / _cمسعد ابوالديار . |
| 250 | _aط.1 | ||
| 260 |
_aالرياض : _bدار الزهراء ، _c2015 . |
||
| 300 |
_a167 ص. ؛ _c24 سم. |
||
| 504 | _aببليوجرافية : ص 157 - 167 | ||
| 650 | 0 | 7 |
_2qrmak _aصعوبات التعلم |
| 650 | 0 | 7 |
_2qrmak _aالقراءة _xتعليم و تدريس . |
| 650 | 0 | 7 |
_2qrmak _aعلم النفس التربوى |
| 942 |
_2ddc _cBK |
||